[Event "Vitoria da Conquista IRT 6th"]
[Site "Vitoria da Conquista"]
[Date "2016.10.01"]
[Round "6"]
[White "Santos, Maicon Moreira"]
[Black "De Souza, Rafael Santos"]
[Result "1-0"]
[WhiteElo "1665"]
[BlackElo "1631"]
[PlyCount "69"]
[EventDate "2016.09.29"]
[EventType "tourn"]
[EventRounds "26"]
[EventCountry "BRA"]
[SourceTitle "EXT 2022"]
[Source "ChessBase"]
[SourceDate "2021.10.06"]
[SourceVersion "1"]
[SourceVersionDate "2021.10.06"]
[SourceQuality "1"]

1. d4 c5 2. e3 g6 3. Nf3 Bg7 4. Bd3 Nf6 5. 0-0 0-0 6. b3 b6 7. Bb2 Bb7 8. c4 Na6 9. dxc5 Nxc5 10. Be2 d5 11. cxd5 Bxd5 12. Nc3 Bc6 13. Nb5 Qc8 14. Rc1 Qb7 15. Nbd4 Be4 16. b4 Ncd7 17. Qa4 e5 18. Ba6 Qb8 19. Nc6 Bxc6 20. Rxc6 Nd5 21. Rd1 b5 22. Qxb5 N5b6 23. Rcd6 e4 24. Bxg7 Kxg7 25. Ng5 h6 26. Nxe4 Re8 27. f3 Nf8 28. Qd3 Ne6 29. Qc3+ Kg8 30. Nf6+ Kf8 31. Rxb6 axb6 32. Nd7+ Kg8 33. Nxb8 Rexb8 34. Bc4 Ra3 35. Qxa3 1-0

[Event "Vitoria da Conquista 5th"]
[Site "Vitoria da Conquista"]
[Date "2016.04.29"]
[Round "7"]
[White "Santos, Maicon Moreira"]
[Black "Freitas, Remulo Aguiar"]
[Result "0-1"]
[WhiteElo "1693"]
[BlackElo "2100"]
[PlyCount "108"]
[EventDate "2016.04.22"]
[EventType "tourn"]
[EventRounds "9"]
[EventCountry "BRA"]
[SourceTitle "EXT 2022"]
[Source "ChessBase"]
[SourceDate "2021.10.06"]
[SourceVersion "1"]
[SourceVersionDate "2021.10.06"]
[SourceQuality "1"]

1. d4 Nf6 2. c4 e6 3. Nf3 b6 4. Bf4 Bb4+ 5. Nc3 Bb7 6. e3 0-0 7. Be2 d6 8. 0-0 c5 9. dxc5 e5 10. Bg5 Bxc3 11. bxc3 bxc5 12. Bxf6 Qxf6 13. Qc2 Nc6 14. Rab1 Rab8 15. Rb2 Qe7 16. Rfb1 f5 17. e4 f4 18. Nd2 Ba8 19. Rb5 a6 20. Rb6 Rxb6 21. Rxb6 Qa7 22. Qb2 Rb8 23. Rxb8+ Qxb8 24. Qc2 Nd8 25. Bg4 Bc6 26. f3 Qb6 27. g3 g5 28. Kg2 Kg7 29. Qb3 Qb7 30. Kf2 a5 31. a3 a4 32. Qc2 Kf6 33. Ke2 fxg3 34. hxg3 h5 35. Bxh5 Qh7 36. Bg4 Qh2+ 37. Kf1 Qxg3 38. Qd3 Ke7 39. Ke2 Qh2+ 40. Ke1 Qg3+ 41. Kf1 Nb7 42. Ke2 Na5 43. Kd1 Qg1+ 44. Qf1 Qxf1+ 45. Nxf1 Nxc4 46. Nd2 Nxa3 47. Kc1 Bb5 48. Kb2 Nc4+ 49. Nxc4 Bxc4 50. Bf5 Bd3 51. Bc8 Be2 52. Bg4 d5 53. exd5 Kd6 54. Ka3 e4 0-1

[Event "Vitoria da Conquista 5th"]
[Site "Vitoria da Conquista"]
[Date "2016.04.24"]
[Round "4"]
[White "Santos, Izaias Almeida"]
[Black "Santos, Maicon Moreira"]
[Result "0-1"]
[WhiteElo "1682"]
[BlackElo "1693"]
[PlyCount "112"]
[EventDate "2016.04.22"]
[EventType "tourn"]
[EventRounds "9"]
[EventCountry "BRA"]
[SourceTitle "EXT 2022"]
[Source "ChessBase"]
[SourceDate "2021.10.06"]
[SourceVersion "1"]
[SourceVersionDate "2021.10.06"]
[SourceQuality "1"]

1. e4 e6 2. Nf3 d5 3. e5 c5 4. d4 cxd4 5. Nxd4 Nc6 6. Bb5 Bd7 7. Nxc6 Bxc6 8. Bd3 Qc7 9. Qe2 Ne7 10. 0-0 Ng6 11. Re1 Be7 12. Bb5 Bxb5 13. Qxb5+ Qc6 14. Nc3 a6 15. Qxc6+ bxc6 16. f4 Bb4 17. Bd2 Bxc3 18. bxc3 Rb8 19. Rab1 Kd7 20. Rb3 c5 21. Reb1 Kc7 22. c4 Rxb3 23. axb3 Kc6 24. g3 Rb8 25. Ra1 Ra8 26. Kf2 Ne7 27. g4 f6 28. Re1 f5 29. h3 g6 30. g5 Kb6 31. Rh1 Rd8 32. b4 Rd7 33. bxc5+ Kxc5 34. Be3+ d4 35. Bd2 Nc6 36. Ra1 Ra7 37. Ra4 Rb7 38. Ke2 a5 39. Bxa5 Nxa5 40. Rxa5+ Kxc4 41. Ra8 Rc7 42. Re8 Kd5 43. Kd3 Rc3+ 44. Kd2 Rxh3 45. Rd8+ Ke4 46. Rd6 Kxf4 47. Rxe6 Re3 48. Re7 Kxg5 49. Rxh7 Rxe5 50. Kd3 Rd5 51. Rc7 Kg4 52. Rc4 f4 53. Rxd4 Rxd4+ 54. Kxd4 f3 55. c4 f2 56. c5 f1Q 0-1

[Event "Vitoria Bernard Memorial 4th"]
[Site "Vitoria"]
[Date "2015.04.16"]
[Round "9"]
[White "Santos, Maicon Moreira"]
[Black "Lenares, Braulio Cardoso"]
[Result "0-1"]
[WhiteElo "1701"]
[BlackElo "1821"]
[PlyCount "85"]
[EventDate "2015.03.26"]
[EventType "tourn"]
[EventRounds "14"]
[EventCountry "BRA"]
[SourceTitle "EXT 2016"]
[Source "ChessBase"]
[SourceDate "2015.10.08"]
[SourceVersion "1"]
[SourceVersionDate "2015.10.08"]
[SourceQuality "1"]

1. d4 Nf6 2. Nf3 d5 3. c4 c6 4. Nc3 e6 5. Bf4 Bd6 6. Bxd6 Qxd6 7. e3 0-0 8. Bd3 Nbd7 9. 0-0 e5 10. dxe5 Nxe5 11. Nxe5 Qxe5 12. cxd5 Nxd5 13. Rc1 Nxc3 14. Rxc3 Be6 15. Qc2 h6 16. Rc5 Qf6 17. Bc4 Bxc4 18. Rxc4 Rfd8 19. g3 Rd7 20. Rf4 Qe6 21. Rd1 Rxd1+ 22. Qxd1 Qxa2 23. Rb4 b5 24. Qd7 Qe6 25. Qb7 Qc8 26. Qe7 a5 27. Re4 a4 28. Qb4 Qd7 29. Re7 Qd1+ 30. Kg2 Qd5+ 31. Kg1 Rd8 32. Qf4 c5 33. e4 Qc4 34. Qf3 b4 35. e5 Rf8 36. Rc7 Qc1+ 37. Kg2 Qxb2 38. Rxc5 a3 39. Qf5 a2 40. Rc8 a1Q 41. Rxf8+ Kxf8 42. Qc8+ Ke7 43. Qc7+ 0-1

[Event "Vitoria Bernard Memorial 4th"]
[Site "Vitoria"]
[Date "2015.03.30"]
[Round "7"]
[White "Santos, Maicon Moreira"]
[Black "Barreto Junior, Williem Silva"]
[Result "0-1"]
[WhiteElo "1701"]
[BlackElo "1971"]
[PlyCount "84"]
[EventDate "2015.03.26"]
[EventType "tourn"]
[EventRounds "14"]
[EventCountry "BRA"]
[SourceTitle "EXT 2016"]
[Source "ChessBase"]
[SourceDate "2015.10.08"]
[SourceVersion "1"]
[SourceVersionDate "2015.10.08"]
[SourceQuality "1"]

1. d4 Nf6 2. Nf3 e6 3. c4 b6 4. Bg5 Bb7 5. e3 Be7 6. Nc3 0-0 7. Be2 Ne4 8. Bxe7 Qxe7 9. 0-0 Nxc3 10. bxc3 f5 11. Rb1 d6 12. a4 Nd7 13. d5 Nc5 14. dxe6 Qxe6 15. Nd4 Qd7 16. Ra1 Qf7 17. g3 Ne4 18. Qc2 Ng5 19. h4 Ne4 20. a5 Nc5 21. axb6 axb6 22. Rxa8 Bxa8 23. Ra1 Qd7 24. Bf3 Be4 25. Bxe4 fxe4 26. Ne2 Qf7 27. Nf4 Qxc4 28. Qa2 Qxa2 29. Rxa2 Rb8 30. Nd5 Rb7 31. Ne7+ Kf7 32. Nc6 Ke8 33. Ra7 Rxa7 34. Nxa7 Kd7 35. Nb5 Na4 36. c4 Kc6 37. Kf1 Kc5 38. Nxc7 Kxc4 39. Ne6 b5 40. Ke1 Kd3 41. Kd1 b4 42. Nd4 Nc3+ 0-1